West Coast Rappers vs East Coast Rappers - Statistics

General Stats
  • This quiz has been taken 337 times
  • The average score is 11 of 20
Answer Stats
Hint Answer % Correct
California 2Pac
98%
New York The Notorious B.I.G.
94%
California Snoop Dogg
91%
California Dr. Dre
90%
California Ice Cube
87%
New York Nas
78%
California Eazy E
74%
New York Jay-Z
69%
New York 50 Cent
64%
California Kendrick Lamar
53%
California MC Ren
41%
New York Wu-Tang Clan
40%
New York DMX
32%
California The Game
30%
California Nate Dogg
27%
New York Rakim
26%
New York Busta Rhymes
21%
California Kurupt
16%
New York Mos def
11%
New York Lauryn Hill
10%
No matching quizzes found
Score Distribution
Percent of People with Each Score
Percentile by Number Answered
Your Score History
You have not taken this quiz